| 000 | 00477nam a22001937a 4500 | ||
|---|---|---|---|
| 003 | OSt | ||
| 005 | 20140714213005.0 | ||
| 008 | 130909b xxu||||| |||| 00| 0 eng d | ||
| 020 | _a968-18-4744-X | ||
| 040 | _cBMC | ||
| 082 | _a001.42 | ||
| 100 | 1 | 0 |
_93262 _aAlonso, José Antonio |
| 245 | 1 | 0 |
_aMetodología _cJosé Antonio Alonso |
| 250 | _a1ª ed | ||
| 260 |
_aMéxico, D.F. _bLimusa _c1997 |
||
| 300 |
_a169 p. _b20 cm |
||
| 650 | 2 | 4 |
_93368 _aMetodología |
| 942 |
_2ddc _cBK |
||
| 999 |
_c1953 _d1953 |
||